000 00585cam a22002291 4500
001 sa 66003603
003 DLC
005 20260227112237.0
008 891222s1965 ii b 000 0 hino
010 _asa 66003603
035 _a(OCoLC)20816989
040 _aDLC
_cWaU
_dDLC
042 _apremarc
050 0 0 _aPK1939
_b.S55
100 1 _aSingh, Ram Kumar,
_d1926-
245 1 0 _aĀdhunika Hindī-kāvyā-bhāshā.
260 _c[1965]
300 _a808 p.
_c23 cm.
500 _aIn Hindi.
504 _aBibliography: p. [801]-808.
650 0 _aHindi language
_xVersification.
999 _c68988
_d68988